Sparrows of North America - Statistics

General Stats
  • This quiz has been taken 69 times
    61 since last reset
  • The average score is 15 of 20
Answer Stats
Picture Answer % Correct
Chipping Sparrow
96%
Song Sparrow
94%
White-throated Sparrow
92%
Fox Sparrow
90%
Dark-eyed Junco
88%
White-crowned Sparrow
88%
Savannah Sparrow
86%
Eastern Towhee
84%
Swamp Sparrow
80%
American Tree Sparrow
78%
Seaside Sparrow
76%
Lincoln's Sparrow
71%
Lark Sparrow
67%
Black-throated Sparrow
61%
Harris's Sparrow
61%
Vesper Sparrow
61%
Sagebrush Sparrow
55%
Green-tailed Towhee
51%
Nelson's Sparrow
45%
Rufous-crowned Sparrow
37%
No matching quizzes found
Score Distribution
Percent of People with Each Score
Percentile by Number Answered
Your Score History
You have not taken this quiz since the last reset